| 000 | 00823cam a22002412 4500 | ||
|---|---|---|---|
| 001 | 0000023370 | ||
| 005 | 20151021151144.0 | ||
| 008 | 121119s xx 000 0 eng d | ||
| 020 | _a0538479051 : | ||
| 040 |
_aKABU _cKABU |
||
| 100 | 1 |
_aReeve, James M. _@0000171042 |
|
| 245 | 1 | 0 |
_aPrinciples of financial accounting / _cJames M. Reeve, Carl S. Warren, Jonathan E. Duchac. |
| 250 | _a12th ed. | ||
| 260 |
_aMason, OH : _bSouth-Western, _c2012. |
||
| 300 | _a1 v. (various pagings) | ||
| 650 | 0 |
_aAccounting. _@0000148321 |
|
| 700 | 1 |
_aWarren, Carl S. _@0000160705 |
|
| 700 | 1 |
_aDuchac, Jonathan E. _@0000171043 |
|
| 852 | 1 | _9p6150 KES | |
| 852 | 1 | _9p6150 KES | |
| 908 | _a121119 | ||
| 950 | _@1 | ||
| 999 |
_c1304 _d1304 |
||